00369nam a22001457a 450000500170000001000130001702000260003003500130005603700200006908200090008910000170009824500530011526000370016830000180020520190124162801.0 aB-713086 a9780753555194c499.00 aB-713086 bPenguin Random  a658  aTheil, Peter aZero to one :bnotes on startupscby Peter Theil aNew DelhibPenguin Random c2014 a210p. c22cm